Identifikácia nerovnováh v EÚ
Pretrvávajúce makroekonomické nerovnováhy v krajinách EÚ majú negatívny dopad na vývoj bežných účtov platobných bilancií, stratu konkurencieschopnosti a následne aj negatívne dopady na sociálnu oblasť a problémy s rastúcou nezamestnanosťou. Príspevok sa zaoberá riešením a možným predchádzaniam tohto...
Guardado en:
| Autor principal: | |
|---|---|
| Formato: | Capítulo de libro |
| Lenguaje: | eslovaco |
| Materias: | |
| Etiquetas: |
Sin Etiquetas, Sea el primero en etiquetar este registro!
|
MARC
| LEADER | 00000nla a2200000 4500 | ||
|---|---|---|---|
| 001 | 0170069 | ||
| 005 | 20240502072938.4 | ||
| 041 | 0 | |a slo | |
| 044 | |a SK | ||
| 245 | 1 | 0 | |a Identifikácia nerovnováh v EÚ |c Miroslava Luchava Havettová |
| 520 | |a Pretrvávajúce makroekonomické nerovnováhy v krajinách EÚ majú negatívny dopad na vývoj bežných účtov platobných bilancií, stratu konkurencieschopnosti a následne aj negatívne dopady na sociálnu oblasť a problémy s rastúcou nezamestnanosťou. Príspevok sa zaoberá riešením a možným predchádzaniam tohto stavu v EÚ do budúcnosti. | ||
| 610 | 2 | 0 | |a makroekonomika |
| 610 | 2 | 0 | |a nerovnováha hospodárska |
| 610 | 2 | 0 | |a ukazovatele makroekonomické |
| 610 | 2 | 0 | |a bilancia platobná |
| 610 | 2 | 0 | |a účty bežné |
| 610 | 2 | 0 | |a miera nezamestnanosti |
| 610 | 2 | 0 | |a konkurencieschopnosť |
| 610 | 2 | 0 | |a Európska únia |
| 100 | 1 | |a Luchava Havettová, Miroslava | |